| 000 | 01923nam a2200325 i 4500 | ||
|---|---|---|---|
| 003 | EG-GICUC | ||
| 005 | 20260310131225.0 | ||
| 008 | 260121s2012 ua o|||fr|||| 00| 0 ara d | ||
| 040 |
_a EG-GICUC _bara _c EG-GICUC _d EG-GICUC _erda |
||
| 041 | 0 | _aAra | |
| 082 | 0 | 4 |
_221 _a343.83 _bس ا . ط |
| 092 | 0 | 4 | _221 |
| 099 | _aLaw1 10 343.83 س ا . ط 2012 | ||
| 100 | 0 |
_aسالم حسين الدخيرى _eمؤلف. |
|
| 245 | 1 | 2 |
_aالطب الشرعى وجرائم الإعتداء على الأشخاص والأموال / _cتأليف دكتور سالم حسين الدخيرى، دكتور عبدالحكم فوده. |
| 264 | 3 |
_aإسكندرية : _bدار المطبوعات الجامعية، _bالفنية للطباعة والنشر، _c2012. |
|
| 300 |
_a1080 صفحة : _bصور؛ _c24 سم. |
||
| 336 |
_2rda content _atext |
||
| 337 |
_2rda media _aComputer |
||
| 338 |
_2rda carrier _aOnline Resource |
||
| 500 | _aماهية الطب الشرعى - الكشف الطبى الظاهرى - الكشف الطبى التشريحى - الجروح وأنواعها - الكسور وأنواعها - العاهة المستديمة - الإستعراق - الآثار المادية - جرائم العرض - الإجهاض - الجنون والعته - القتل - الإسفكسيا - التسمم - الوفاة حرقا - الانتحار - التزييف والتزوير - المضاهاه - الاستكتاب - فحص الأسلحة - فحص حوادث السيارات - فحص المواد المخدرة - التصوير الجنائى. | ||
| 546 | _aالنص باللغة العربية | ||
| 650 | 1 |
_aعلم الطب الشرعى _2qrmak |
|
| 650 | 1 |
_aالقانون الجنائى _2qrmak |
|
| 651 | 1 | _2qrmak | |
| 700 |
_aعبدالحكم فوده _eمؤلف مشارك. |
||
| 856 | 4 | 0 | _uhttps://fll.law.cu.edu.eg/fulltext/bks/B10-07848.pdf |
| 905 |
_a54 _eYara |
||
| 942 |
_2ddc _cBK _e21 _n0 |
||
| 999 |
_c58501 _d58501 |
||